Verbálna a neverbálna komunikácia v podniku
Dve základné formy komunikácie - verbálna a neverbálna komunikácia. Neverbálna komunikácia a jej význam pre manažéra i radového pracovníka. Verbálna - rečová - ústna komunikácia. Komunikácia a jej význam v medziľudských vzťahoch.
Gespeichert in:
| 1. Verfasser: | |
|---|---|
| Format: | Buchkapitel |
| Sprache: | Slowakisch |
| Schlagworte: | |
| Tags: |
Keine Tags, Fügen Sie das erste Tag hinzu!
|
MARC
| LEADER | 00000nla$a2200000$$$4500 | ||
|---|---|---|---|
| 001 | 0145162 | ||
| 005 | 20240502072616.9 | ||
| 041 | 0 | |a slo | |
| 044 | |a SK | ||
| 245 | 1 | 0 | |a Verbálna a neverbálna komunikácia v podniku |c Stanislav Krištofík |
| 520 | |a Dve základné formy komunikácie - verbálna a neverbálna komunikácia. Neverbálna komunikácia a jej význam pre manažéra i radového pracovníka. Verbálna - rečová - ústna komunikácia. Komunikácia a jej význam v medziľudských vzťahoch. | ||
| 610 | 2 | 0 | |a komunikácia |
| 610 | 2 | 0 | |a komunikácia interpersonálna |
| 610 | 2 | 0 | |a komunikácia firemná |
| 610 | 2 | 0 | |a komunikácia verbálna |
| 610 | 2 | 0 | |a komunikácia neverbálna |
| 100 | 1 | |a Krištofík, Stanislav, 1959- | |